000
00303nam a2200133 a 4500
001
4350
003
CDMR
005
20131025175520.0
008
130130s2004||||||||||||||||||||||||||||d
040
_a
CDMR
_b
cat
_c
CPC GIRONA
245
3
_a
El País 10.000
260
_c
2004
_b
El País
_a
Madrid
942
_c
MON
_2
udc
999
_c
4350
_d
4350